| 000 | 00537nam a22001337a 4500 | ||
|---|---|---|---|
| 008 | 160209b xxu||||| |||| 00| 0 eng d | ||
| 020 | _a9783527325443 | ||
| 082 |
_222 _a660.044 |
||
| 245 |
_a Industrial plasma technology _bapplications from environmental to energy technologies _cedited by y.kawai, h. ikegami, n. sato, a. matsuda, k. uchino, m. kuzuya, a. mizuno |
||
| 260 |
_aweinheim: _bWiley; _cc2010. |
||
| 300 |
_axv, 425p: _billusion; |
||
| 650 |
_2Plasma chemistry--Industrial applications _aPlasma engineering |
||
| 942 |
_2ddc _cBK |
||
| 999 |
_c356052 _d356052 |
||